Catálogo
 En Linea

Alergia : (Registro nro. 39780)

Detalles MARC
000 -CABECERA
campo de control de longitud fija 00612nam a2200181 a 4500
001 - NÚMERO DE CONTROL
campo de control 000040290
005 - FECHA Y HORA DE LA ÚLTIMA TRANSACCIÓN
campo de control 20201002034033.0
008 - DATOS DE LONGITUD FIJA--INFORMACIÓN GENERAL
campo de control de longitud fija 130821s2005 sp a 000 0 spa d
020 ## - NÚMERO INTERNACIONAL ESTÁNDAR DEL LIBRO
Número Internacional Estándar del Libro 8496435202
040 ## - FUENTE DE LA CATALOGACIÓN
Centro catalogador/agencia de origen DO-SdBNP
Lengua de catalogación spa
Centro/agencia transcriptor BNPHU
082 ## - NÚMERO DE LA CLASIFICACIÓN DECIMAL DEWEY
Número de clasificación xxx
Número de documento/Ítem xxxx
100 1# - ENTRADA PRINCIPAL--NOMBRE DE PERSONA
Nombre de persona Igea Aznar, Juan Manuel
9 (RLIN) 66570
245 10 - MENCIÓN DE TÍTULO
Título Alergia :
Resto del título la epidemia del siglo XXI /
Mención de responsabilidad, etc. Juan Manuel Igea Aznar, María Palomero Mesonero.
260 ## - PUBLICACIÓN, DISTRIBUCIÓN, ETC.
Lugar de publicación, distribución, etc. Málaga, España :
Nombre del editor, distribuidor, etc. Arguval,
Fecha de publicación, distribución, etc. 2005.
300 ## - DESCRIPCIÓN FÍSICA
Extensión 152 p. :
Otras características físicas il. ;
Dimensiones 16 cm.
590 ## - NOTA LOCAL (RLIN)
Nota local Inventariado, 2019/ YL
500 ## - NOTA GENERAL
Nota general Incluye datos biográficos de los autores en la contracubierta
Existencias
Estado de retiro Estado de pérdida Restricciones de uso No para préstamo Código de colección Localización permanente Ubicación/localización actual Ubicación en estantería Fecha de adquisición Número de inventario Total de préstamos Signatura topográfica completa Código de barras Fecha visto por última vez Precio válido a partir de Tipo de ítem Koha
        Monografías: Libros y Folletos General General En catalogación 21.08.2013 LF1   xxx xxxx 40290-10 25.06.2020 25.06.2020 Préstamo en sala

Con tecnología Koha